000 00452nam a2200181Ia 4500
001 22649
005 20260414150845.0
008 260414t2005||||xx |||||||||||||| ||spa||
041 _aESP
082 _a621.3827
_bA31
100 _aAgrawal, Govind P.
_eAUT
245 0 _aLigthwave technology :
_btelecommunication systems
260 _c2005
300 _axv, 461 páginas :
_c24 cm.
650 _aTCA
654 _aCET
942 _cLIB
_dJUS
_fJUS
_2ddc
_n
999 _c22649
_d22649